00771 a2200205 4500010001400000020002300014035001300037037001600050082001100066090001700077100002100094245005900115260005400174270006700228300003900295500005200334942002600386999001700412952013600429 aENG-89697 a8121511690c600.00 aEN-73230 bDBAD / PUB14a954.01 c11498d114981 aDhavalikar, M.K.1 aThe Aryans:cby M.K. Dhavalikarbmyth and archaeology/ aNew DelhibMunshiram Manoharlal Publishersc2007 aPost Box 5715, 54 Rani Jhansi Road,bNew DelhicDelhie110055 axii, 226p.:c24 cm ( Hb)bill,maps aIncludes bibliographical references and index adplcENk954.01 / DHA c11183d11183 00102ddc40718NFICaDBADbDBADeDBAD/PUBg600.00l0o954.01 DHApEN-73230r2008-09-15 00:00:00t1u12290v600.00w2008-09-15yEN